| 000 | 00632nam a2200181 a 4500 | ||
|---|---|---|---|
| 008 | 120416s1992 ||||||||||||||||| || u | ||
| 020 | _a0821321641 | ||
| 050 | _aIBRD(08)TP | ||
| 100 | _aAdams, Arvil V | ||
| 245 | 1 | 4 | _aThe World Bank's treatment of employment and labour market issues |
| 260 |
_aWashington, D.C.: _bWorld Bank _c1992 |
||
| 300 | _aviii, 64p. : ill. | ||
| 350 | _a0.00 | ||
| 650 | 0 | _aMANAGEMENT | |
| 650 | _aLABOUR MARKETS--WORLD BANK | ||
| 700 | _aStevenson, Gail | ||
| 995 |
_D0.00 _FCBU-MAIN LIBRARY (Kitwe) _H1 _I0.00 _UAVAILABLE _ZInternational Publications |
||
| 999 |
_c62033 _d62033 |
||